Catalog

Record Details

Catalog Search



Available copies

  • 1 of 1 copy available at LARL/NWRL Consortium.
  • 1 of 1 copy available at Lake Agassiz Regional Library. (Show preferred library)

Current holds

0 current holds with 1 total copy.

Show Only Available Copies
Location Call Number / Copy Notes Barcode Shelving Location Status Due Date
Moorhead Public Library MAY (Text) 33500012469532 Main Available -

Record details

  • ISBN: 9780062491985 (paperback)
  • ISBN: 0062491989 (paperback)
  • Physical Description: pages cm.
  • Edition: First Edition.
  • Publisher: New York : Harper Paperbacks, [2017]

Content descriptions

Summary, etc.:
"In Black Fall, the third book in the ITW ... Read More
"As magician-turned-FBI agent Jessica Blackwood ... Read More
Subject: FICTION / Mystery & Detective / Women Sleuths.
FICTION / Suspense.
Genre: Mystery fiction.
Suspense fiction.
LDR 03744cam a22004458i 4500
001225609
003LARL_NWRL_CONSORTIUM
00520170414201312.0
008160909s2017 nyu 000 1 eng
020 . ‡a9780062491985 (paperback)
020 . ‡a0062491989 (paperback)
035 . ‡a(OCoLC)952386878
042 . ‡apcc
08200. ‡a813/.6 ‡223
084 . ‡aFIC022040 ‡aFIC030000 ‡2bisacsh
1001 . ‡aMayne, Andrew, ‡d1973- ‡eauthor. ‡0(LARL_NWRL_CONSORTIUM)221565
24510. ‡aBlack fall. ‡n#3 / ‡cAndrew Mayne.
250 . ‡aFirst Edition.
264 1. ‡aNew York : ‡bHarper Paperbacks, ‡c[2017]
300 . ‡apages cm.
336 . ‡atext ‡btxt ‡2rdacontent
337 . ‡aunmediated ‡bn ‡2rdamedia
338 . ‡avolume ‡bnc ‡2rdacarrier
4900 . ‡aJessica Blackwood ; ‡v3
520 . ‡a"In Black Fall, the third book in the ITW Award-nominated series that began with self-published eBook phenomenon Angel Killer, magician-turned-FBI agent Jessica Blackwood investigates a series of seemingly unrelated, but equally bizarre and sinister, crimes that lead her to the Colorado desert and a town that has, simply, disappeared. With two big cases under her belt, FBI Agent Jessica Blackwood is learning to embrace her unconventional past as the rising star in a family dynasty of illusionists. Her talent and experience endow her with a unique understanding of the power and potential of deception, and a gift for knowing when things are not always as they appear to be. Once resenting her eccentric grandfather, a brilliant magician in his own right, Jessica now sees him as a mentor and regularly seeks his advice about her work.But Jessica's routine surveillance operation becomes a fight for survival when a disturbed young woman, clutching a baby, shows up at the stake-out location and threatens to kill her child. On the same day, an hour after a severe earthquake rocks the eastern seaboard, a strange video goes viral. Nobel Prize-winning physicist Peter Devon has been dead for eight years, yet here he is on camera, predicting the location and date of the earthquake. Jessica is put on the case by her boss, Dr. Ailes, but when Detective Aileen Lewis reports that they've found a Jane Doe who matches her description of her attacker, she's torn between professional duty and a personal desire to find out who the woman was, and why she was killed.The investigations pull her in very different directions--until they start to converge, leading Jessica to confront something darker, and more powerful, than anyone expected. Something so twisted, only one person could be behind it
520 . ‡a"As magician-turned-FBI agent Jessica Blackwood struggles to connect a series of seemingly unrelated, but equally bizarre and sinister, crimes in Black Fall--Andrew Mayne's third book in the series that began with self-published eBook phenomenon Angel Killer--she is forced to accept that only one twisted, brilliant mind could be behind them...and that the Warlock is planning one final, catastrophic act"-- ‡cProvided by publisher.
650 7. ‡aFICTION / Mystery & Detective / Women Sleuths. ‡2bisacsh
650 7. ‡aFICTION / Suspense. ‡2bisacsh
655 7. ‡aMystery fiction. ‡2gsafd
655 7. ‡aSuspense fiction. ‡2gsafd
77608. ‡iOnline version: ‡aMayne, Andrew, 1973- author. ‡tBlack fall ‡bFirst Edition. ‡dNew York : Harper Paperbacks, [2017] ‡z9780062492166 ‡w(DLC) 2016041827
905 . ‡uvanderl
901 . ‡a225609 ‡b ‡c225609 ‡tbiblio ‡soclc

Additional Resources